| 000 | 00436nam a2200169Ia 4500 | ||
|---|---|---|---|
| 008 | 151213s9999 xx 000 0 und d | ||
| 020 | _a81-7856031-6 | ||
| 100 | _aEvangelos Peroutsos | ||
| 245 |
_aMastering Visual Basic @ C _cEvangelos Peroutsos |
||
| 250 | _a1st | ||
| 260 |
_aNew Delhi _bB.P. B. Publication _c1998 |
||
| 300 | _a3903 p. | ||
| 650 | _aComputer | ||
| 650 | _aI.T. | ||
| 700 | _aEvangelos Peroutsos | ||
| 999 |
_c2534 _d2534 |
||